[Event "XVII C.to Europeo a squadre"]
[Site "Novi Sad SRB"]
[Date "2009.10.30"]
[Round "9.2"]
[White "Godena, Michele"]
[Black "Pavasovic, Dusko"]
[Result "1-0"]
[WhiteElo "2530"]
[BlackElo "2602"]
[Annotator "ITA-SLO"]
[PlyCount "71"]
[EventDate "2009.10.22"]

1. e4 e5 2. Nf3 Nc6 3. Bc4 Nf6 4. Ng5 d5 5. exd5 Na5 6. Bb5+ Bd7 7. Qe2 Be7 8.
Nc3 O-O 9. Bxd7 Qxd7 10. O-O Rae8 11. Qxe5 Ng4 12. Qg3 Bxg5 13. h3 f5 14. hxg4
f4 15. Qh3 Nc4 16. b3 Nd6 17. Ba3 Bf6 18. Rae1 Rxe1 19. Rxe1 Re8 20. Rxe8+ Qxe8
21. Kf1 Bxc3 22. Qxc3 Nb5 23. Qb4 Nxa3 24. Qxa3 Qe5 25. Qxa7 h5 26. Qxb7 Qa1+
27. Ke2 Qe5+ 28. Kf3 hxg4+ 29. Kxg4 Qe2+ 30. Kf5 Qxf2 31. d6 cxd6 32. Qe4 Qh4
33. Qe6+ Kh7 34. Qg6+ Kh8 35. Qe8+ Kh7 36. Qg6+ 1-0

[Event "XVII C.to Europeo a squadre"]
[Site "Novi Sad SRB"]
[Date "2009.10.30"]
[Round "9.3"]
[White "Borisek, Jure"]
[Black "Rombaldoni, Denis"]
[Result "1-0"]
[WhiteElo "2575"]
[BlackElo "2469"]
[Annotator "ITA-SLO"]
[PlyCount "58"]
[EventDate "2009.10.22"]

1. e4 c5 2. Nf3 d6 3. d4 cxd4 4. Nxd4 Nf6 5. Nc3 Nc6 6. Bg5 e6 7. Qd2 a6 8.
O-O-O Nxd4 9. Qxd4 Be7 10. f4 b5 11. Bxf6 gxf6 12. e5 d5 13. Be2 Rg8 14. Bf3
Rb8 15. Rhe1 f5 16. Kb1 b4 17. Ne2 a5 18. h3 Qc7 19. g4 Bc5 20. Qd2 Qb6 21. Nd4
fxg4 22. hxg4 a4 23. b3 Ra8 24. Rh1 Qa5 25. Rh2 Bd7 26. Qd3 Rg7 27. f5 Kd8 28.
f6 Rg6 29. Nxe6+ fxe6 1-0

[Event "VIII C.to Europeo a squadre femminile"]
[Site "Novi Sad SRB"]
[Date "2009.10.22"]
[Round "1.1"]
[White "Danielian, Elina"]
[Black "Sedina, Elena"]
[Result "1/2-1/2"]
[WhiteElo "2489"]
[BlackElo "2335"]
[Annotator "ITA-ARM"]
[PlyCount "67"]
[EventDate "2009.10.22"]

1. d4 d5 2. Nf3 Nf6 3. c4 c6 4. e3 Bf5 5. Nc3 e6 6. Nh4 Bg6 7. Nxg6 hxg6 8. g3
Nbd7 9. Bg2 Bb4 10. Qb3 a5 11. Bd2 O-O 12. a3 Bxc3 13. Bxc3 Qc7 14. Rc1 Ne4 15.
O-O a4 16. Qa2 Nxc3 17. Rxc3 Qa5 18. Rb1 Nb6 19. c5 Nc4 20. Re1 b6 21. Bf1 bxc5
22. Bxc4 cxd4 23. exd4 dxc4 24. Qxc4 Rab8 25. Re5 Qa7 26. Rc5 Rxb2 27. Rxc6 Rd8
28. Rc8 Rb8 29. Rxd8+ Rxd8 30. Qc5 Qb7 31. Rc4 Qb1+ 32. Rc1 Qd3 33. Rc4 Qb1+
34. Rc1 1/2-1/2

[Event "VIII C.to Europeo a squadre femminile"]
[Site "Novi Sad SRB"]
[Date "2009.10.22"]
[Round "1.3"]
[White "Galojan, Lilit"]
[Black "Brunello, Marina"]
[Result "1/2-1/2"]
[WhiteElo "2326"]
[BlackElo "2162"]
[Annotator "ITA-ARM"]
[PlyCount "78"]
[EventDate "2009.10.22"]

1. d4 d5 2. c4 e6 3. Nc3 Be7 4. Nf3 Nf6 5. Bg5 O-O 6. e3 Nbd7 7. Rc1 c6 8. Bd3
dxc4 9. Bxc4 Nd5 10. Bxe7 Qxe7 11. O-O Nxc3 12. Rxc3 e5 13. Bb3 e4 14. Nd2 Nf6
15. Qb1 Bg4 16. Rfc1 Rae8 17. Bc2 Be2 18. Ra3 a6 19. b4 Bb5 20. Re1 g6 21. Qb2
Qd6 22. h3 Re7 23. Qc3 Rfe8 24. Qc5 Qd8 25. Bb3 Nd5 26. Bxd5 cxd5 27. Rc1 b6
28. Qc2 Qd6 29. Qb2 Rc7 30. Rxc7 Qxc7 31. Rc3 Qd6 32. Qb3 Bd3 33. Qa3 Kg7 34.
Qb2 Rb8 35. a3 h5 36. Qc1 Bb5 37. Qc2 Bd3 38. Qc1 Bb5 39. Qc2 Bd3 1/2-1/2

[Event "VIII C.to Europeo a squadre femminile"]
[Site "Novi Sad SRB"]
[Date "2009.10.22"]
[Round "1.4"]
[White "Ambrosi, Eleonora"]
[Black "Aginian, Nelly"]
[Result "1/2-1/2"]
[WhiteElo "2159"]
[BlackElo "2307"]
[Annotator "ITA-ARM"]
[PlyCount "75"]
[EventDate "2009.10.22"]

1. e4 e6 2. d4 d5 3. Nc3 Nf6 4. e5 Nfd7 5. f4 c5 6. Nf3 Nc6 7. Be3 cxd4 8. Nxd4
Bc5 9. Qd2 O-O 10. g3 a6 11. Bg2 Qc7 12. O-O Nxd4 13. Bxd4 b5 14. Ne2 Nb6 15.
b3 a5 16. a3 Bd7 17. Kh1 a4 18. Bxc5 Qxc5 19. b4 Qe7 20. Nd4 Rac8 21. Rf3 Nc4
22. Qf2 f6 23. exf6 Rxf6 24. Re1 Rcf8 25. Bf1 Qd6 26. Bxc4 dxc4 27. Re5 h6 28.
Qe3 g5 29. Kg2 gxf4 30. Rxf4 Rxf4 31. gxf4 Rf6 32. Qe4 Kg7 33. Kf2 c3 34. Qg2+
Rg6 35. Qe4 Rf6 36. Qg2+ Rg6 37. Qe4 Rf6 38. Qg2+ 1/2-1/2

[Event "VIII C.to Europeo a squadre femminile"]
[Site "Novi Sad SRB"]
[Date "2009.10.23"]
[Round "2.1"]
[White "Zimina, Olga"]
[Black "Haug, Marianne Wold"]
[Result "0-1"]
[WhiteElo "2319"]
[BlackElo "2005"]
[Annotator "ITA-NOR"]
[PlyCount "90"]
[EventDate "2009.10.22"]

1. e4 c5 2. c3 g6 3. d4 cxd4 4. cxd4 d5 5. e5 Bg7 6. Nc3 Nc6 7. Bb5 f6 8. f4
Nh6 9. Nf3 O-O 10. O-O Bg4 11. Bxc6 bxc6 12. Na4 Rb8 13. Nc5 Qb6 14. h3 Bxf3
15. Rxf3 fxe5 16. Rb3 Qd8 17. Ne6 Qa5 18. Ra3 Qb6 19. Nxf8 Rxf8 20. Rb3 Qxd4+
21. Qxd4 exd4 22. Bd2 Nf5 23. Rc1 Rc8 24. Rb7 c5 25. Rxa7 c4 26. Rd7 d3 27.
Rxd5 Bxb2 28. Rb1 Bd4+ 29. Kh2 c3 30. Bxc3 Rxc3 31. Rb8+ Kf7 32. Rb1 d2 33. Rd1
Rd3 34. Rb5 Ne3 35. Rbb1 Nxd1 36. Rxd1 Bf2 37. a4 Be1 38. Kg1 Ra3 39. Kf1 Rxa4
40. g3 Rc4 41. Ke2 Rc1 42. g4 h6 43. h4 h5 44. gxh5 gxh5 45. f5 Kf6 0-1

[Event "VIII C.to Europeo a squadre femminile"]
[Site "Novi Sad SRB"]
[Date "2009.10.23"]
[Round "2.2"]
[White "Johnsen, Sylvia"]
[Black "Brunello, Marina"]
[Result "0-1"]
[WhiteElo "2040"]
[BlackElo "2162"]
[Annotator "ITA-NOR"]
[PlyCount "104"]
[EventDate "2009.10.22"]

1. e4 c5 2. Nf3 e6 3. Nc3 a6 4. g3 b5 5. d3 Bb7 6. Bg2 d6 7. a3 Nc6 8. O-O g6
9. Ng5 h6 10. Nh3 Bg7 11. Be3 Nd4 12. f4 Ne7 13. g4 f5 14. g5 h5 15. Qd2 O-O
16. Rae1 Qd7 17. Nb1 a5 18. c3 Nb3 19. Qc2 a4 20. Nf2 Qc6 21. Re2 Rab8 22. Nd2
Nxd2 23. Rxd2 Ba8 24. d4 cxd4 25. cxd4 Qd7 26. d5 exd5 27. exd5 Rfc8 28. Qd1
Rc4 29. Nd3 Rbc8 30. Nb4 Qc7 31. Qf3 Bb7 32. Rfd1 Rc1 33. Bf1 Qd7 34. Qe2 R8c4
35. Rxc1 Rxc1 36. Rd3 Rc4 37. Rd1 Qe8 38. Qf2 Rc8 39. Bb6 Qf7 40. Bxb5 Nxd5 41.
Nxd5 Bxd5 42. Bxa4 Bb3 43. Bxb3 Qxb3 44. Rd2 Rc1+ 45. Kg2 h4 46. Qe3 Qb5 47.
Qe6+ Kh7 48. Bf2 Qf1+ 49. Kf3 Rc4 50. Qxd6 Re4 51. Rd1 Qh3+ 52. Bg3 hxg3 0-1

[Event "VIII C.to Europeo a squadre femminile"]
[Site "Novi Sad SRB"]
[Date "2009.10.23"]
[Round "2.3"]
[White "Ambrosi, Eleonora"]
[Black "Carlsen, Ellen Oen"]
[Result "1-0"]
[WhiteElo "2159"]
[BlackElo "1904"]
[Annotator "ITA-NOR"]
[PlyCount "133"]
[EventDate "2009.10.22"]

1. e4 e5 2. Nf3 Nc6 3. Bb5 a6 4. Bxc6 dxc6 5. d4 exd4 6. Qxd4 Qxd4 7. Nxd4 c5
8. Nb3 Be6 9. Be3 b6 10. Nc3 O-O-O 11. O-O Bd6 12. f4 f6 13. a4 Ne7 14. a5 Kb7
15. Rfd1 Bg4 16. Re1 Ng6 17. g3 h5 18. Kg2 h4 19. Nd2 hxg3 20. hxg3 Rh3 21. Nc4
b5 22. Nxd6+ cxd6 23. Rh1 Rdh8 24. Rxh3 Bxh3+ 25. Kf3 Ne7 26. g4 b4 27. Ne2 d5
28. exd5 Nxd5 29. Bxc5 f5 30. gxf5 Bxf5 31. Rd1 Nf6 32. Rg1 Rh3+ 33. Kg2 Rh4
34. Bxb4 Bxc2 35. Kf2 Rh2+ 36. Rg2 Rxg2+ 37. Kxg2 Nd5 38. Bd2 g6 39. Nd4 Be4+
40. Kg3 Ne7 41. Kg4 Nc6 42. Nf3 Nd8 43. Nd4 Nf7 44. Bb4 Kc8 45. Nb3 Bd3 46. Nc5
Be2+ 47. Kg3 Bc4 48. Kf2 Kd8 49. b3 Bb5 50. Ne6+ Kc8 51. Ke3 Bd7 52. Nc5 Bb5
53. Kd4 Kc7 54. Kd5 Nd8 55. Bc3 Nc6 56. Ke6 Be2 57. Kf6 Kd6 58. b4 Kd5 59. Kxg6
Kc4 60. Be1 Nxb4 61. Nb7 Nd5 62. f5 Bd3 63. Kg5 Kb5 64. f6 Kc6 65. f7 Nc7 66.
Nd8+ Kd7 67. f8=Q 1-0

[Event "VIII C.to Europeo a squadre femminile"]
[Site "Novi Sad SRB"]
[Date "2009.10.23"]
[Round "2.4"]
[White "Reppen, Ellisiv"]
[Black "Chierici, Marianna"]
[Result "1/2-1/2"]
[WhiteElo "1915"]
[BlackElo "2053"]
[Annotator "ITA-NOR"]
[PlyCount "179"]
[EventDate "2009.10.22"]

1. e4 Nf6 2. e5 Nd5 3. c4 Nb6 4. d4 d6 5. exd6 exd6 6. Bd3 Nc6 7. Be3 Be7 8. h3
Bf6 9. Nf3 Nb4 10. O-O O-O 11. Nc3 Nxd3 12. Qxd3 Re8 13. Rae1 g6 14. b3 Bf5 15.
Qd2 a5 16. Ne2 Be4 17. Ng5 d5 18. Nxe4 Rxe4 19. Nc3 Re6 20. c5 Nc8 21. Bf4 Rxe1
22. Rxe1 c6 23. Be5 Bg5 24. Bf4 Bf6 25. Be5 Bg5 26. Bf4 Be7 27. Qe3 b5 28. Bh6
Qc7 29. Ne2 Ra7 30. Nf4 Qd7 31. Nd3 f6 32. Nf4 Kf7 33. Nd3 Qf5 34. g4 Qe4 35.
Qxe4 dxe4 36. Rxe4 Rd7 37. Be3 Na7 38. g5 b4 39. gxf6 Bxf6 40. f4 Nb5 41. Ne5+
Bxe5 42. fxe5 Ke6 43. Rf4 Nc3 44. Rf6+ Kd5 45. Rd6+ Rxd6 46. exd6 Ke6 47. Kf2
Nxa2 48. Bf4 a4 49. d5+ cxd5 50. c6 axb3 51. d7 b2 52. d8=Q b1=Q 53. Qd6+ Kf7
54. Qxd5+ Kg7 55. Qd4+ Kf7 56. Qd5+ Kg7 57. Qd7+ Kf6 58. Qd4+ Kf7 59. Qd7+ Kf6
60. Qd6+ Kf7 61. Qc7+ Kf6 62. Qe5+ Kf7 63. c7 Qc2+ 64. Qe2 Qc5+ 65. Qe3 Qc2+
66. Qd2 Qc5+ 67. Kf1 Qc4+ 68. Kg2 Qc6+ 69. Kh2 b3 70. Qb2 Qc4 71. Qf2 Ke6 72.
Qe3+ Kf7 73. Qd2 Qc6 74. Qd8 b2 75. c8=Q Qxc8 76. Qxc8 b1=Q 77. Qd7+ Kf6 78.
Qd4+ Kf7 79. Qd5+ Kg7 80. Be5+ Kh6 81. Bf4+ Kg7 82. Qe5+ Kf7 83. Qc7+ Kf6 84.
Qe5+ Kf7 85. Qd5+ Kg7 86. Be5+ Kh6 87. Bf4+ Kg7 88. Qd7+ Kf6 89. Qd6+ Kf7 90.
Qd5+ 1/2-1/2

[Event "VIII C.to Europeo a squadre femminile"]
[Site "Novi Sad SRB"]
[Date "2009.10.24"]
[Round "3.1"]
[White "Maric, Alisa"]
[Black "Sedina, Elena"]
[Result "1/2-1/2"]
[WhiteElo "2405"]
[BlackElo "2335"]
[Annotator "ITA-SRB"]
[PlyCount "46"]
[EventDate "2009.10.22"]

1. Nf3 d5 2. d4 Nf6 3. c4 c6 4. e3 Bf5 5. Nc3 e6 6. Nh4 Bg6 7. Be2 Nbd7 8. O-O
dxc4 9. Nxg6 hxg6 10. Bxc4 Bd6 11. g3 Nb6 12. Be2 e5 13. dxe5 Bxe5 14. Qxd8+
Rxd8 15. Nd1 Ne4 16. f4 Bf6 17. Nf2 Nxf2 18. Rxf2 Na4 19. Rb1 Nc5 20. Rf1 Nd3
21. Rd1 Nxc1 22. Rxd8+ Kxd8 23. Rxc1 g5 1/2-1/2

[Event "VIII C.to Europeo a squadre femminile"]
[Site "Novi Sad SRB"]
[Date "2009.10.24"]
[Round "3.2"]
[White "Zimina, Olga"]
[Black "Bojkovic, Natasa"]
[Result "0-1"]
[WhiteElo "2319"]
[BlackElo "2429"]
[Annotator "ITA-SRB"]
[PlyCount "196"]
[EventDate "2009.10.22"]

1. e4 c5 2. c3 d5 3. exd5 Qxd5 4. d4 e6 5. Nf3 Nf6 6. Na3 Qd8 7. Nc2 Nbd7 8.
Bd3 Qc7 9. O-O Bd6 10. Na3 a6 11. Nc4 Be7 12. a4 b6 13. Nfe5 Bb7 14. Bf4 Nxe5
15. dxe5 Nd5 16. Bg3 O-O 17. Qh5 h6 18. Rfe1 b5 19. Ne3 Rfd8 20. Ng4 Bg5 21.
axb5 axb5 22. Rxa8 Bxa8 23. h4 Nf4 24. Bxf4 Bxf4 25. Bb1 Kf8 26. Nh2 g6 27. Qg4
Bxe5 28. Nf3 h5 29. Qh3 Bxf3 30. Qxf3 Kg7 31. Qe2 Bf6 32. Qxb5 Bxh4 33. Qe2 Qd6
34. g3 Bf6 35. Kg2 h4 36. gxh4 Rh8 37. Rh1 Rxh4 38. Rxh4 Bxh4 39. Qd3 Qf4 40.
Qe3 Qg4+ 41. Kf1 Bf6 42. Be4 Qd1+ 43. Kg2 Qd6 44. Bf3 Bd8 45. Kf1 Be7 46. Ke2
Qa6+ 47. Qd3 Qa1 48. Qd2 Qb1 49. Bc6 Qg1 50. Qe3 Qg4+ 51. Bf3 Qc4+ 52. Qd3 Qb3
53. Qd2 g5 54. Kf1 Qa4 55. Qe2 Bf6 56. Kg2 Qf4 57. Qe3 Qd6 58. Bh5 Bd8 59. Be2
Be7 60. Bc4 Qb8 61. Qd2 Qb7+ 62. Kg1 Qe4 63. Qe2 Qf4 64. Bd3 Bf6 65. Qe3 Qb8
66. Qe2 Qf4 67. Qe3 Qxe3 68. fxe3 Bd8 69. Kg2 Kf6 70. b4 cxb4 71. cxb4 Ke5 72.
Kf3 f5 73. Bc2 Be7 74. b5 Bc5 75. Bb3 Bb6 76. Ba2 g4+ 77. Ke2 Kd6 78. Bb1 Ke5
79. Ba2 Kf6 80. Bb3 e5 81. Bd5 Kg5 82. Bc6 Kh4 83. Bd7 f4 84. exf4 exf4 85. Kf1
f3 86. Bc6 Kg3 87. Bd7 Kf4 88. Be6 g3 89. Bh3 Kg5 90. Bg2 fxg2+ 91. Kxg2 Kg4
92. Kh1 Bc7 93. Kg2 Kf4 94. b6 Bxb6 95. Kh1 Bc7 96. Kg2 Kg4 97. Kh1 Kh3 98. Kg1
Bb6+ 0-1

[Event "VIII C.to Europeo a squadre femminile"]
[Site "Novi Sad SRB"]
[Date "2009.10.24"]
[Round "3.4"]
[White "Ambrosi, Eleonora"]
[Black "Chelushkina, Irina"]
[Result "0-1"]
[WhiteElo "2159"]
[BlackElo "2333"]
[Annotator "ITA-SRB"]
[PlyCount "62"]
[EventDate "2009.10.22"]

1. e4 c5 2. Nf3 e6 3. d4 cxd4 4. Nxd4 a6 5. c4 Nf6 6. Nc3 Qc7 7. Be3 d6 8. Be2
Nbd7 9. O-O b6 10. Rc1 Bb7 11. f3 Be7 12. Qe1 O-O 13. Qf2 Rac8 14. Rfd1 Rfe8
15. Nc2 Bd8 16. Bf4 Ne5 17. Na3 Qb8 18. Be3 Ned7 19. b4 Bc7 20. g3 h6 21. Na4
d5 22. Nxb6 Bxb6 23. Bxb6 dxe4 24. Bd4 exf3 25. Bxf3 Bxf3 26. Qxf3 Qxb4 27. Qb3
Qa5 28. Bc3 Qh5 29. Bxf6 Nxf6 30. Qd3 Qc5+ 31. Kg2 Ng4 0-1

[Event "VIII C.to Europeo a squadre femminile"]
[Site "Novi Sad SRB"]
[Date "2009.10.25"]
[Round "4.1"]
[White "Sedina, Elena"]
[Black "Nikolova, Adriana"]
[Result "1-0"]
[WhiteElo "2335"]
[BlackElo "2334"]
[Annotator "ITA-BUL"]
[PlyCount "79"]
[EventDate "2009.10.22"]

1. e4 c5 2. c3 Nf6 3. e5 Nd5 4. d4 cxd4 5. Nf3 Nc6 6. cxd4 e6 7. Bc4 d6 8. O-O
Be7 9. exd6 Qxd6 10. Nc3 O-O 11. Bb3 Rd8 12. Re1 a6 13. Qe2 Qb4 14. Bd2 Qb6 15.
Rad1 h6 16. Bc1 Bf8 17. Bc2 Bd7 18. Qd3 g6 19. Bb3 Be8 20. Qe4 Nxc3 21. bxc3
Na5 22. Bc2 Bc6 23. Qg4 Bxf3 24. Qxf3 Rac8 25. Qh3 Rd5 26. Be4 Rh5 27. Qg4 Bg7
28. Bxg6 Rd5 29. Be4 f5 30. Qg6 fxe4 31. Bxh6 Rd7 32. Rxe4 Rf7 33. Rf4 Rcc7 34.
Bxg7 Rxf4 35. Be5+ Kf8 36. Bxf4 Rxc3 37. Bh6+ Ke7 38. d5 Rc8 39. dxe6 Nc4 40.
Qf7# 1-0

[Event "VIII C.to Europeo a squadre femminile"]
[Site "Novi Sad SRB"]
[Date "2009.10.25"]
[Round "4.2"]
[White "Voiska, Margarita"]
[Black "Zimina, Olga"]
[Result "0-1"]
[WhiteElo "2335"]
[BlackElo "2319"]
[Annotator "ITA-BUL"]
[PlyCount "78"]
[EventDate "2009.10.22"]

1. d4 Nf6 2. Nf3 e6 3. e3 d5 4. c4 c6 5. Nbd2 Ne4 6. Qc2 f5 7. g3 Nd7 8. Bg2
Bd6 9. O-O O-O 10. b3 g5 11. Bb2 Qf6 12. Ne1 Qh6 13. Nd3 Ndf6 14. Nf3 g4 15.
Nfe5 Nd7 16. Nf4 Nxe5 17. dxe5 Bb8 18. cxd5 exd5 19. b4 a6 20. a4 Re8 21. Nd3
Bd7 22. Bxe4 fxe4 23. Nc5 Bc8 24. e6 Bxe6 25. Nxb7 Bc8 26. Na5 Bd7 27. Rac1 Re6
28. Nb3 Qh3 29. Nc5 Rh6 30. f4 gxf3 31. Nxd7 Bxg3 32. Be5 f2+ 33. Rxf2 Bxf2+
34. Qxf2 Qxd7 35. Kh1 Rf8 36. Qe2 Qh3 37. Bf4 Rg6 38. Rg1 Rff6 39. Rxg6+ Rxg6
0-1

[Event "VIII C.to Europeo a squadre femminile"]
[Site "Novi Sad SRB"]
[Date "2009.10.25"]
[Round "4.3"]
[White "Brunello, Marina"]
[Black "Videnova, Iva"]
[Result "1-0"]
[WhiteElo "2162"]
[BlackElo "2307"]
[Annotator "ITA-BUL"]
[PlyCount "93"]
[EventDate "2009.10.22"]

1. e4 c5 2. c3 Nf6 3. e5 Nd5 4. d4 cxd4 5. Nf3 e6 6. cxd4 d6 7. Bc4 Nb6 8. Bd3
dxe5 9. Nxe5 N8d7 10. O-O Nxe5 11. dxe5 Bd7 12. Nc3 Bc6 13. Qe2 Nd5 14. Ne4 Nb4
15. Bb5 Qd5 16. Bxc6+ Nxc6 17. Bf4 Nd4 18. Qd3 Rd8 19. Rfd1 Nc6 20. Qc2 Qa5 21.
Rxd8+ Nxd8 22. Bg5 Be7 23. Bxe7 Kxe7 24. f4 Nc6 25. Nd6 g5 26. Rf1 gxf4 27.
Rxf4 Nxe5 28. Nc8+ Kf8 29. b4 Qd5 30. Nxa7 Rg8 31. Qc5+ Qxc5+ 32. bxc5 Nd3 33.
Rc4 Rg5 34. c6 bxc6 35. Nxc6 Rb5 36. h3 Rb1+ 37. Kh2 Rb2 38. a4 Ne1 39. a5
Rxg2+ 40. Kh1 Ra2 41. Rc3 Ke8 42. Kg1 Kd7 43. Nb8+ Kd6 44. a6 Nc2 45. Rc6+ Kd5
46. a7 Nb4 47. Ra6 1-0

[Event "VIII C.to Europeo a squadre femminile"]
[Site "Novi Sad SRB"]
[Date "2009.10.25"]
[Round "4.4"]
[White "Raeva, Elitsa"]
[Black "Chierici, Marianna"]
[Result "0-1"]
[WhiteElo "2248"]
[BlackElo "2053"]
[Annotator "ITA-BUL"]
[PlyCount "96"]
[EventDate "2009.10.22"]

1. d4 c5 2. d5 e5 3. c4 d6 4. Nc3 Nf6 5. e4 Be7 6. h3 Nbd7 7. Bd3 O-O 8. Nf3
Ne8 9. Ne2 a6 10. a4 b6 11. g4 Rb8 12. Ng3 g6 13. h4 Ng7 14. h5 Nf6 15. Nh2 Qd7
16. Be2 gxh5 17. gxh5 Kh8 18. Nf3 Nge8 19. Qd3 Rg8 20. Ng5 Bd8 21. Bf1 Ng4 22.
Nf3 Nef6 23. Bh3 b5 24. axb5 axb5 25. Nd2 bxc4 26. Nxc4 Qe7 27. Bd2 Ne8 28. Bc3
Qf6 29. Qe2 Nc7 30. Nf5 Bxf5 31. exf5 Nxf2 32. Qxf2 Nxd5 33. O-O-O Nxc3 34.
bxc3 e4 35. Kc2 Bc7 36. Rhg1 Rgd8 37. Ne3 d5 38. Ra1 d4 39. Nc4 e3 40. Nxe3 d3+
41. Kd1 Qxc3 42. Rc1 Qb3+ 43. Ke1 d2+ 44. Ke2 Qd3+ 45. Kf3 dxc1=Q 46. Rxc1 Rd4
47. Kg2 Rg8+ 48. Kh1 Rg3 0-1

[Event "VIII C.to Europeo a squadre femminile"]
[Site "Novi Sad SRB"]
[Date "2009.10.26"]
[Round "5.1"]
[White "Calzetta Ruiz, Monica"]
[Black "Sedina, Elena"]
[Result "0-1"]
[WhiteElo "2386"]
[BlackElo "2335"]
[Annotator "ITA-ESP"]
[PlyCount "80"]
[EventDate "2009.10.22"]

1. e4 e6 2. d4 d5 3. Nd2 c5 4. Ngf3 a6 5. dxc5 Bxc5 6. Bd3 Nc6 7. a3 Nf6 8. O-O
a5 9. Qe2 Qc7 10. c4 dxe4 11. Nxe4 Nxe4 12. Qxe4 f5 13. Qh4 O-O 14. Bc2 e5 15.
Rd1 Nd4 16. Nxd4 Bxd4 17. Rd3 Ra6 18. Bg5 Bxb2 19. Rad1 Bd4 20. c5 Rg6 21. Qh5
Qxc5 22. Bb3+ Be6 23. Rc1 Qb6 24. Bxe6+ Rxe6 25. Qh4 h6 26. Be3 Bxe3 27. Rxe3
e4 28. Rec3 e3 29. fxe3 Rxe3 30. Qc4+ Kh7 31. Rxe3 Qxe3+ 32. Kh1 Qxa3 33. h3 b5
34. Qf4 b4 35. Rc5 Qa1+ 36. Kh2 b3 37. Rxf5 b2 38. Rxf8 b1=Q 39. Qc4 Qg1+ 40.
Kg3 Qe5+ 0-1

[Event "VIII C.to Europeo a squadre femminile"]
[Site "Novi Sad SRB"]
[Date "2009.10.26"]
[Round "5.2"]
[White "Pares Vives, Natalia"]
[Black "Brunello, Marina"]
[Result "1-0"]
[WhiteElo "2282"]
[BlackElo "2162"]
[Annotator "ITA-ESP"]
[PlyCount "69"]
[EventDate "2009.10.22"]

1. Nf3 Nf6 2. c4 g6 3. g3 Bg7 4. Bg2 O-O 5. O-O d6 6. d4 Nbd7 7. Nc3 e5 8. Qc2
h6 9. Rd1 exd4 10. Nxd4 a5 11. Ndb5 Nc5 12. Bf4 Re8 13. e4 Nfd7 14. h3 Rb8 15.
b3 Ne6 16. Be3 b6 17. Rab1 Bb7 18. a3 Ra8 19. f4 Qc8 20. b4 Kh8 21. Nd5 Nf6 22.
Bxb6 cxb6 23. Nxd6 Nxd5 24. Nxc8 Ne3 25. Qa4 Rexc8 26. Re1 Bc6 27. Qb3 Nxg2 28.
Kxg2 Nd4 29. Qd3 f5 30. Kf2 Bxe4 31. Rxe4 fxe4 32. Qxe4 axb4 33. Rxb4 Rxa3 34.
Rxb6 Rxc4 35. Qe8+ 1-0

[Event "VIII C.to Europeo a squadre femminile"]
[Site "Novi Sad SRB"]
[Date "2009.10.26"]
[Round "5.2"]
[White "Zimina, Olga"]
[Black "Vega Gutierrez, Sabrina"]
[Result "1/2-1/2"]
[WhiteElo "2319"]
[BlackElo "2357"]
[Annotator "ITA-ESP"]
[PlyCount "116"]
[EventDate "2009.10.22"]

1. e4 c5 2. Nf3 Nc6 3. c3 d5 4. exd5 Qxd5 5. d4 e6 6. Na3 Nf6 7. Nb5 Qd8 8.
dxc5 Bxc5 9. Qxd8+ Kxd8 10. Bf4 Ne4 11. Rd1+ Ke7 12. Nbd4 Nxd4 13. Nxd4 Bd7 14.
Be2 Ba4 15. Rd3 Bd6 16. Re3 Bxf4 17. Rxe4 e5 18. g3 Kf6 19. gxf4 exd4 20. Rxd4
Bc6 21. Rg1 Rad8 22. Rxd8 Rxd8 23. Rg3 Be4 24. Rg5 Re8 25. Ra5 b6 26. Rg5 h6
27. Rg3 g6 28. Re3 Kf5 29. Bc4 Kxf4 30. Bxf7 Re5 31. Bc4 Rh5 32. h3 Rg5 33. Bd3
Bf3 34. Re6 Rg1+ 35. Kd2 Bh5 36. Rf6+ Kg5 37. Rf7 a5 38. Rb7 Rd1+ 39. Kc2 Rh1
40. Rxb6 Rh2 41. c4 Rxh3 42. c5 Rf3 43. c6 Rxf2+ 44. Kc3 Rf7 45. Rb5+ Kf6 46.
Rxa5 Bf3 47. b4 h5 48. Ra8 Kg7 49. b5 h4 50. Ra4 g5 51. Rc4 h3 52. c7 h2 53.
c8=Q h1=Q 54. Qe6 Qa1+ 55. Kb4 Qb2+ 56. Kc5 Qf2+ 57. Kb4 Qb2+ 58. Kc5 Qf2+
1/2-1/2

[Event "VIII C.to Europeo a squadre femminile"]
[Site "Novi Sad SRB"]
[Date "2009.10.26"]
[Round "5.4"]
[White "Chierici, Marianna"]
[Black "Robles Garcia, Claudia"]
[Result "0-1"]
[WhiteElo "2053"]
[BlackElo "2256"]
[Annotator "ITA-ESP"]
[PlyCount "92"]
[EventDate "2009.10.22"]

1. e4 c5 2. c3 d5 3. exd5 Qxd5 4. Nf3 g6 5. d4 Bg7 6. Be3 cxd4 7. cxd4 Nf6 8.
Nc3 Qd8 9. Bc4 O-O 10. O-O Nc6 11. h3 Na5 12. Be2 Be6 13. Ne5 Rc8 14. Qa4 a6
15. Rfd1 Nd5 16. Bd2 Nc6 17. Nf3 Ndb4 18. Rac1 Qc7 19. Be1 Rfd8 20. Ne4 Nd5 21.
Nc5 Bf5 22. Qb3 b6 23. Nxa6 Qd6 24. Bc4 Be6 25. a3 Qf4 26. Bd2 Qd6 27. Bg5 Na5
28. Qb5 Nxc4 29. Rxc4 Rxc4 30. Qxc4 Ne3 31. Qe2 Nxd1 32. Qxd1 h6 33. Be3 Bc4
34. Nb4 e5 35. d5 Bxd5 36. Nxd5 Qxd5 37. Qxd5 Rxd5 38. Nd2 f5 39. Nc4 b5 40.
Na5 e4 41. b3 Rd1+ 42. Kh2 Ra1 43. Bc5 Bf8 44. Bb4 Bxb4 45. axb4 f4 46. Nc6 Rd1
0-1

[Event "VIII C.to Europeo a squadre femminile"]
[Site "Novi Sad SRB"]
[Date "2009.10.27"]
[Round "6.1"]
[White "Muzychuk, Anna"]
[Black "Sedina, Elena"]
[Result "1-0"]
[WhiteElo "2533"]
[BlackElo "2335"]
[Annotator "ITA-SLO"]
[PlyCount "119"]
[EventDate "2009.10.22"]

1. e4 e6 2. d4 d5 3. Nc3 Nf6 4. Bg5 dxe4 5. Nxe4 Nbd7 6. Nf3 h6 7. Nxf6+ Nxf6
8. Bh4 c5 9. Bc4 a6 10. O-O cxd4 11. Qe2 Be7 12. Rad1 Qb6 13. Bb3 Bd7 14. Nxd4
Rd8 15. Rfe1 O-O 16. Nf5 exf5 17. Qxe7 Rde8 18. Bxf6 Rxe7 19. Bxe7 Bc6 20. Bxf8
Kxf8 21. Bd5 g6 22. Bxc6 Qxc6 23. c3 Qa4 24. a3 Qc2 25. Rb1 h5 26. Rec1 Qe4 27.
b4 b5 28. c4 bxc4 29. a4 c3 30. h4 c2 31. Rb2 Qxh4 32. Rcxc2 Qe4 33. b5 axb5
34. axb5 Qe1+ 35. Kh2 Qe5+ 36. g3 f4 37. b6 fxg3+ 38. fxg3 h4 39. b7 Qxg3+ 40.
Kh1 Qe1+ 41. Kg2 Qe4+ 42. Kf2 Qd4+ 43. Ke1 Qg1+ 44. Ke2 Qg2+ 45. Ke3 Qg3+ 46.
Ke4 Qg4+ 47. Kd3 Qf3+ 48. Kd4 Qf6+ 49. Kc5 Qe5+ 50. Kc6 Qe6+ 51. Kb5 Qd5+ 52.
Ka4 Qd4+ 53. Rb4 Qa1+ 54. Kb3 Qb1+ 55. Kc3 Qe1+ 56. Kc4 Qe6+ 57. Kb5 Qd5+ 58.
Ka4 Qd7+ 59. Ka3 Qh3+ 60. Kb2 1-0

[Event "VIII C.to Europeo a squadre femminile"]
[Site "Novi Sad SRB"]
[Date "2009.10.27"]
[Round "6.2"]
[White "Zimina, Olga"]
[Black "Krivec, Jana"]
[Result "1-0"]
[WhiteElo "2319"]
[BlackElo "2329"]
[Annotator "ITA-SLO"]
[PlyCount "87"]
[EventDate "2009.10.22"]

1. e4 e5 2. Nf3 d6 3. d4 exd4 4. Nxd4 Nf6 5. Nc3 Be7 6. Nde2 Nc6 7. g3 d5 8.
exd5 Nb4 9. Bg2 Bf5 10. Nd4 Bg4 11. Qd2 Nbxd5 12. Nxd5 Nxd5 13. O-O c6 14. h3
Bd7 15. c4 Nb6 16. Qc2 O-O 17. b3 Bf6 18. Bb2 a6 19. Rad1 Qc8 20. Kh2 c5 21.
Ne2 Bxb2 22. Qxb2 Bc6 23. Rd6 Qc7 24. Rfd1 Nc8 25. R6d3 Ne7 26. Bxc6 Nxc6 27.
Rd7 Qb6 28. R1d6 Rad8 29. Qc3 Rxd7 30. Rxd7 Rd8 31. Qd3 h6 32. Qd6 Rxd7 33.
Qxd7 Qa5 34. Qxb7 Qxa2 35. Qxc6 Qxe2 36. Qxc5 g5 37. b4 Qc2 38. Qd4 h5 39. Kg2
Qe2 40. Qd8+ Kh7 41. Qxg5 Qe4+ 42. Kh2 Qxc4 43. Qxh5+ Kg7 44. Qg4+ 1-0

[Event "VIII C.to Europeo a squadre femminile"]
[Site "Novi Sad SRB"]
[Date "2009.10.27"]
[Round "6.3"]
[White "Srebrnic, Ana"]
[Black "Ambrosi, Eleonora"]
[Result "1-0"]
[WhiteElo "2237"]
[BlackElo "2159"]
[Annotator "ITA-SLO"]
[PlyCount "79"]
[EventDate "2009.10.22"]

1. d4 d5 2. c4 e6 3. Nc3 c6 4. cxd5 exd5 5. Qc2 f5 6. Bf4 Nf6 7. e3 Bd6 8. Nh3
O-O 9. Bd3 Bxf4 10. Nxf4 Ne4 11. O-O-O Qa5 12. Kb1 Na6 13. Bxa6 Qxa6 14. f3 Nd6
15. b3 Nb5 16. Nxb5 Qxb5 17. Nd3 a5 18. Qc5 Qxc5 19. Nxc5 b6 20. Nd3 a4 21. Kb2
axb3 22. axb3 Ba6 23. Ne5 Rfe8 24. f4 Bb5 25. Rhe1 Ra7 26. Ra1 Rc7 27. Red1 Rd8
28. Rd2 Kf8 29. h3 Ke7 30. g4 fxg4 31. hxg4 c5 32. g5 Ke6 33. Rh1 g6 34. f5+
Kxf5 35. Rg1 cxd4 36. exd4 Rdc8 37. Rf2+ Ke6 38. Rh1 Re8 39. Rf6+ Ke7 40. Rxb6
1-0